The Highest Mountain for Every Major Range - Statistics

General Stats
  • This quiz has been taken 11 times
  • The average score is 6 of 24
Answer Stats
Range Mountain % Correct
Zagros Dena
89%
Alaskan Range Denali
89%
Hiimalayas Everest
89%
Andes Aconcagua
78%
Caucasus Mts. Elbrus
78%
Karakoram Mts. K2
67%
Sierra Nevadas Whitney
56%
Alps Blanc
44%
Pyrenees Aneto
11%
Scandinavian Range Galdhøpiggen
11%
Great Dividing Range Kosciuszko
11%
Atlas Mts. Toubkal
11%
Ghats Anamudi
0%
Altai Mts. Belukha
0%
Sierra Madre Cerro Gordo
0%
Taurus Mts. Cilo
0%
Rockies Elbert
0%
Tien Shan Jengush Chokusa
0%
Drakensberg Mafadi
0%
Appalachians Mitchel
0%
Ural Mts. Narodnaya
0%
Rwenzori Mts. Stanley
0%
Hindu Kush Tirich Mir
0%
MacDonnell Ranges Zeil
0%
No matching quizzes found
Score Distribution
Percent of People with Each Score
Percentile by Number Answered
Your Score History
You have not taken this quiz